Normal view
MARC view
- Wedding photography
Entry Topical Term
001 - CONTROL NUMBER
- control field: 152728
003 - CONTROL NUMBER IDENTIFIER
- control field: TR-AnTOB
005 - DATE AND TIME OF LATEST TRANSACTION
- control field: 20260226112657.0
008 - FIXED-LENGTH DATA ELEMENTS
- fixed length control field: 260226n|eazannbab| |n aaa d
010 ## - LIBRARY OF CONGRESS CONTROL NUMBER
- LC control number: sh 85145900
035 ## - SYSTEM CONTROL NUMBER
- System control number: (DLC)sh 85145900
035 ## - SYSTEM CONTROL NUMBER
- System control number: (DLC)140894
035 ## - SYSTEM CONTROL NUMBER
- System control number: (TR-AnTOB)152728
040 ## - CATALOGING SOURCE
- Original cataloging agency: DLC
- Transcribing agency: DLC
- Modifying agency: DLC
- Modifying agency: TR-AnTOB
053 #0 - LC CLASSIFICATION NUMBER
- Classification number element--single number or beginning number of span: TR819
150 ## - HEADING--TOPICAL TERM
- Topical term or geographic name entry element: Wedding photography
450 ## - SEE FROM TRACING--TOPICAL TERM
- Topical term or geographic name entry element: Düğün fotoğrafçılığı
550 ## - SEE ALSO FROM TRACING--TOPICAL TERM
- Control subfield: g
- Topical term or geographic name entry element: Commercial photography
550 ## - SEE ALSO FROM TRACING--TOPICAL TERM
- Control subfield: g
- Topical term or geographic name entry element: Portrait photography
688 ## - APPLICATION HISTORY NOTE
- Institution to which field applies: TR-AnTOB
- Application history note: Op 26.02.2026
750 ## - ESTABLISHED HEADING LINKING ENTRY--TOPICAL TERM
- Authority record control number or standard number: https://lccn.loc.gov/sh85145900
- Source of heading or term: lcsh



